00261nam a2200109Ia 4500008004100000020001500041100001900056245002100075250000700096260003800103300001000141211105s9999 xx 000 0 und d aVYASA15524 aDigambar Swami 0aVasistha Samhita a\N bKaivalyadhama S.M.Y.M. Samitic\N a100p.